<?xml version="1.0" encoding="UTF-8"?><?xml-stylesheet type="text/xsl" href="static/style.xsl"?><OAI-PMH xmlns="http://www.openarchives.org/OAI/2.0/" xmlns:xsi="http://www.w3.org/2001/XMLSchema-instance" xsi:schemaLocation="http://www.openarchives.org/OAI/2.0/ http://www.openarchives.org/OAI/2.0/OAI-PMH.xsd"><responseDate>2026-06-07T08:13:34Z</responseDate><request verb="GetRecord" identifier="oai:riuma.uma.es:10630/15632" metadataPrefix="marc">https://riuma.uma.es/rest/oai/request</request><GetRecord><record><header><identifier>oai:riuma.uma.es:10630/15632</identifier><datestamp>2026-02-03T12:13:53Z</datestamp><setSpec>com_10630_2254</setSpec><setSpec>col_10630_37959</setSpec></header><metadata><record xmlns="http://www.loc.gov/MARC21/slim" xmlns:dcterms="http://purl.org/dc/terms/" xmlns:doc="http://www.lyncode.com/xoai" xmlns:xsi="http://www.w3.org/2001/XMLSchema-instance" xsi:schemaLocation="http://www.loc.gov/MARC21/slim http://www.loc.gov/standards/marcxml/schema/MARC21slim.xsd">
   <leader>00925njm 22002777a 4500</leader>
   <datafield ind2=" " ind1=" " tag="042">
      <subfield code="a">dc</subfield>
   </datafield>
   <datafield ind2=" " ind1=" " tag="720">
      <subfield code="a">Gómez-Ruiz, Miguel Ángel</subfield>
      <subfield code="e">author</subfield>
   </datafield>
   <datafield ind2=" " ind1=" " tag="720">
      <subfield code="a">Fernández-Amores, Francisco Javier</subfield>
      <subfield code="e">author</subfield>
   </datafield>
   <datafield ind2=" " ind1=" " tag="720">
      <subfield code="a">Caparrós-Martín, Ester</subfield>
      <subfield code="e">author</subfield>
   </datafield>
   <datafield ind2=" " ind1=" " tag="720">
      <subfield code="a">Sierra-Nieto, José Eduardo</subfield>
      <subfield code="e">author</subfield>
   </datafield>
   <datafield ind2=" " ind1=" " tag="260">
      <subfield code="c">2018-03-20</subfield>
   </datafield>
   <datafield ind2=" " ind1=" " tag="520">
      <subfield code="a">Eliminar las barreras culturales y didácticas de la participación equitativa del alumnado es uno de los retos fundamentales para el avance de la escuela inclusiva. No es frecuente pensar en la evaluación como un elemento inclusivo, a pesar de su influencia en decisiva en todo el proceso de enseñanza-aprendizaje. Hablar de evaluación desde una perspectiva tradicional parece evocar inevitablemente al examen, la calificación y el rendimiento del alumnado. No obstante, la lógica del aprendizaje activo y vivencial como vía de construcción del conocimiento se puede aplicar igualmente al ámbito evaluativo.&#xd;
En este trabajo se realiza una propuesta teórico-práctica enmarcada en la evaluación compartida entendida como un proceso dialógico realizado de manera conjunta entre docente y estudiantes en la que la responsabilidad es compartida, en la que es imprescindible el intercambio y la interacción entre participantes y en la que se intenta llegar a un consenso sobre las valoraciones. De manera concreta, se abordan las distintas fases de aplicación de este enfoque favorecedor del aprendizaje, de la diversidad y del entendimiento muto dentro de las escuelas inclusivas, centrado en la implicación activa del alumnado en los procesos de evaluación y la retroalimentación como componente esencial de la evaluación formativa.</subfield>
   </datafield>
   <datafield ind1="8" ind2=" " tag="024">
      <subfield code="a">https://hdl.handle.net/10630/15632</subfield>
   </datafield>
   <datafield tag="653" ind2=" " ind1=" ">
      <subfield code="a">Evaluación formativa</subfield>
   </datafield>
   <datafield tag="653" ind2=" " ind1=" ">
      <subfield code="a">Escuela inclusiva</subfield>
   </datafield>
   <datafield ind2="0" ind1="0" tag="245">
      <subfield code="a">Posibilidades de la evaluación compartida como herramienta de aprendizaje en la escuela inclusiva: una propuesta para su puesta en práctica</subfield>
   </datafield>
</record>
</metadata></record></GetRecord></OAI-PMH>